Quiz - Prawda czy Fałsz (Geografia) #2 - Statystyki

Ogólne statystyki
  • Ten quiz został rozwiązany 1 352 razy
    31 od ostatniego zresetowania
  • Średni wynik to 15 z 20
Statystyki odpowiedzi
Zagadnienie Odpowiedź % Poprawnych
Bałkany leżą nad Morzem Bałtyckim. Fałsz
93%
Cieśnina Gibraltarska oddziela Europę od Afryki. Prawda
90%
Nie ma państwa na literę V. Fałsz
86%
Góra Kościuszki znajduje się w Polsce. Fałsz
86%
Językiem urzędowym w Brazylii jest język francuski. Fałsz
86%
Lesotho graniczy z dwoma państwami. Fałsz
83%
Stolicą Chin jest Szanghaj. Fałsz
83%
Andaluzja znajduje się w Hiszpanii. Prawda
83%
Na świecie jest ponad 170 uznawanych państw. Prawda
83%
Wodospad Niagara znajduje się w Ameryce Północnej. Prawda
83%
Flaga Czadu ma ciemniejszy niebieski od flagi Rumunii. Prawda
79%
Najgłębszym oceanem na świecie jest Ocena Atlantycki. Fałsz
76%
Największym państwem w Afryce jest Algieria. Prawda
72%
W skład ZSRR wchodziło 15 państw. Prawda
69%
Wyspy Galapagos należą do Wielkiej Brytanii. Fałsz
66%
Teksas jest największym stanem w Stanach Zjednoczonych. Fałsz
66%
Polska ma najdłuższą granicę z Czechami. Prawda
66%
Dania graniczy ze Szwecją. Fałsz
59%
Antarktyda jest większa od Europy. Prawda
48%
Niemcy mają tyle samo landów, ile Polska województw. Prawda
34%
Nie znaleziono quizów pasujących do podanych kryteriów
Rozkład punktacji
Procent ludzi z każdym wynikiem
Percentyl według liczby udzielonych odpowiedzi
Twoja historia wyników
Nie rozwiązałeś tego quizu od ostatniego zresetowania